[Event "New York op"]
[Site "New York"]
[Date "1998.03.21"]
[Round "8"]
[White "Sokolin, Leonid M"]
[Black "Tiviakov, Sergei"]
[Result "0-1"]
[WhiteElo "2530"]
[BlackElo "2640"]
[Annotator "Ribli,Z"]
[PlyCount "82"]
[EventDate "1998.03.16"]
[EventType "swiss"]
[EventRounds "9"]
[EventCountry "USA"]
[SourceTitle "CBM 064"]
[Source "ChessBase"]
[SourceDate "1998.06.02"]
[SourceVersion "1"]
[SourceVersionDate "1998.06.02"]
[SourceQuality "1"]

1. Nf3 Nf6 2. c4 b6 3. g3 Bb7 4. Bg2 e6 5. O-O Be7 (5... c5) 6. Nc3 O-O 7. Re1
{Eine von Kramnik sehr häufig gespielte Fortsetzung. Weiß möchte 8. e4 mit
sehr großen Raumvorteil spielen, während er nach 7...d5 8.cxd5 exd5 9.d4 wegen
des passiven Läufers auf b7 einen kleinen Vorteil erlangt. Ribli.} Ne4 $5 (7...
c5 8. e4 d6 9. d4 cxd4 10. Nxd4 Qc8 $14 (10... Nbd7 $2 11. e5 {Das ist ein
typisches Motiv, wenn der b7-Läufer nicht verteidigt ist.} dxe5 (11... Bxg2 12.
exf6 $18) 12. Bxb7 exd4 13. Bxa8 dxc3 14. Bg2 $16)) (7... d5 8. cxd5 Nxd5 (8...
exd5 9. d4 $14) 9. e4 Nxc3 10. bxc3 $14 {und Weiß kann ein starkes Zentrum
errichten.}) 8. Nxe4 Bxe4 9. d3 Bb7 10. d4 (10. e4 $5 c5 11. d4 cxd4 12. Nxd4
Nc6 13. Bf4 (13. e5 a6 14. Bf4 Qc7 15. Nf3 b5 $6 16. Rc1 Rfc8 $2 17. Ng5 $1
Bxg5 18. Bxg5 b4 19. Qg4 $36 {1-0 Wirthensohn,H-Zueger,B/SWZ-ch int 1992 (28)})
13... Bc5 14. Nxc6 Bxc6 15. Bd6 Bxd6 16. Qxd6 Qb8 17. Rad1 Qxd6 18. Rxd6 Rfd8
19. Red1 Kf8 20. e5 Bxg2 21. Kxg2 Ke7 22. f4 Rac8 23. R6d4 f6 $11 {1/2-1/2
Ibragimov,I-Tiviakov,S/RUS-ch m1-2 1997 (53)}) 10... Be4 {Weiß hat ein
Extratempo - Re1- im Vergleich zur Damenindischen Verteidigung.(Nach z.B. 1.d4
Nf6 2.c4 e6 3.Nf3 b6 4.g3 Bb7 5.Bg2 Be7 6.0-0 0-0 7.Nc3 Ne4 8.Nxe4 Nxe4), aber
Schwarz kontrolliert stark das Feld e4. Das bietet ungefähr gleiche Aussichten.
} 11. Bf1 $6 $146 {Weiß möchte 12.Nd2 mit nachfolgendem e2-e4 ziehen und dabei
den Läufertausch vermeiden.} (11. Nh4 Bxg2 12. Nxg2 d5 $1 13. Qa4 dxc4 14. Qxc4
c5 15. dxc5 Bxc5 16. Be3 Nd7 {1/2-1/2 Savchenko,S-Tiviakov,S/World Cities 1997}
) (11. Bf4 $5 Bf6 12. Qd2 d6 13. Rad1 Nd7 14. Qe3 d5 $6 (14... Bb7 15. Qd3 g6
$10) 15. b4 $14 {1/2-1/2 Hjartarson,J-Stefansson,H/ISL-ch plof 1995 (26)}) (11.
d5 Bf6 12. Nd2 Bxg2 13. Kxg2 d6 14. Ne4 Nd7 15. Qc2 Nc5 16. Nxc5 bxc5 17. dxe6
{1/2-1/2 Portisch,L-Karpov,A/Milano 1975}) (11. b3 d5 $11 {[%csl Ge4]}) 11...
c5 $1 $11 (11... Bxf3 12. exf3 $14 {Weiß hat eine freie Stellung mit
Läuferpaar.}) (11... d5 12. Nd2 {[%cal Rd2e4]} (12. Ne5 $13) 12... Bg6 13. b3
Nc6 14. Bb2 Bf6 15. e3 $14) 12. Nd2 (12. d5 exd5 13. cxd5 d6 $11 {[%csl Rd5]
Und Schwarz hat den Plan ...Na6-Nc7 oder ...Nd7-Nf6, um den d5-Bauern
angreifen.}) (12. dxc5 bxc5 $11 13. b3 $2 Bf6 $17 {[%cal Rf6a1]}) (12. b3 Bxf3
13. exf3 Bf6 $15 {[%csl Rd4]}) 12... Bc6 13. dxc5 bxc5 14. b3 a5 $1 $36 {
Schwarz stebt zunächst nach Initiative am Damenflügel und entwickelt den
Springer später.} (14... d6 15. Bb2 Nd7 $11) 15. Bb2 (15. a4 Na6 $15 {[%csl
Rb4][%cal Ga6b4]}) 15... a4 16. e4 Na6 17. Qg4 f6 {Es gibt nichts Konkretes am
Königsflügel.} (17... Bf6 $6 18. e5 $14) 18. Qd1 Nb4 {Der Springer steht aktiv
auf b4. Schwarz provoziert so die Schwächung des Damenflügels.} 19. a3 $6 Na6
20. Bc3 axb3 21. Qxb3 Nc7 {Die Frage ist immer, ob der weiße a-Bauer stark
oder schwach ist.} 22. Qa2 (22. a4 {Ich glaube, daß Weiß so spielen muß, um
Gegenspiel zu erlangen.} Na6 {[%cal Ga6b4]} (22... Ra7 23. a5)) 22... e5 $1 {
[%csl Rd4][%cal Yc7e6,Ye6d4] Schwarz bereitet das Springermanöver ...
Nc7-Ne6-d4 vor, während der Punkt d5 für Weiß nicht erreichbar ist.} 23. Bg2 {
[%csl Rd5][%cal Yd2f1,Yf1e3,Ye3d5] Weiß macht f1 für den Springer frei.} Ne6
24. Nf1 Bd6 $5 {[%cal Gd6c7,Gc7a5,Ga5e1] Der schlechte schwarzfeldrige Läufer
des Nachziehenden kommt durch ...Bd6-c7-a5 zu guten Möglichkeiten.} 25. Ne3 Bc7
26. Rf1 Ba5 {Der tausch der schwarzfeldrigen Läufer wäre wegen der Schwäche
auf d4 strategisch günstig für den Schwarzen.} 27. Bb2 Nd4 $15 28. Rad1 $6 {
Der Turm spielt keine wichtige Rolle auf d1.} (28. Bxd4 cxd4 29. Nd5 $15) 28...
Ne2+ 29. Kh1 Nc3 30. Bxc3 Bxc3 {[%csl Gc3]} 31. Rd3 (31. Nd5 Bd4 $15 {[%csl
Ra3,Gd4,Rg2]}) 31... Bd4 {[%csl Gd4] Der einst schlechte Läufer ist zum Stolz
der schwarzen Stellung aufgestiegen.} 32. Qe2 (32. Nd5 Ra4 {und Schwarz hat
den Plan ...Qa5 nebst ...Ra8 mit Spiel gegen den Bauern a3.}) 32... Ra4 33. f4
{In schwieriger Stellung möchte Weiß aktiv spielen, aber er kommt so dem
Schwarzen entgegen.} (33. Nc2 $2 Rxc4 $17) 33... Qe8 $1 $17 {[%csl Re4][%cal
Yc6e4,Ye8e4] Schwarz belagert den Bauern e4, möchte exf4 spielen.} 34. Nf5 (34.
f5 Qf7 {[%cal Gf7c4,Ga4c4]} (34... Qa8 $17 {[%cal Ra8e4,Ra8a3]}) 35. Rc1 Rfa8
$17 {[%cal Ra8a3]}) 34... g6 35. Ne3 (35. Nxd4 exd4 {[%csl Ga4,Rc4,Gc6,Re4,Ge8]
} 36. Rb3 Qf7 37. Rc1 Re8 $19) 35... exf4 36. Rxf4 (36. gxf4 $2 Bxe4 $19 {
[%csl Gd4,Ge4] Mit zwei zentralisierten Läufern steht Schwarz auf Gewinn.})
36... Qe6 37. h4 Be5 {[%csl Ge5][%cal Re5g3]} (37... Bxe3 38. Rxe3 Qxc4 $17)
38. Rg4 Rb8 {[%csl Ga4,Gb8,Gc6,Ge5,Ge6] Alle schwarzen Figuren stehen
ausgezeichnet.} 39. Qd1 Rb2 {[%csl Rh1][%cal Gb2h2]} 40. Qc1 (40. Rd2 Rxd2 41.
Qxd2 Rxa3 $19 {[%csl Re3,Rg4]}) {[#]} 40... Rxg2 $1 $19 {[%csl Gc6,Re4,Ge5,Ge6,
Rh1] Dieses Qualitätsopfer nimmt dem Bauern e4 den Verteidiger und verwertet
den Vorteil.} 41. Kxg2 f5 {Und Weiß gibt auf. Ribli.} (41... f5 42. Nxf5 (42.
Rg5 Bxe4+ $19 {[%cal Re4g2,Re4d3]}) 42... Qxf5 $19 {[%cal Gc6g2]}) 0-1

[Event "Valjevo"]
[Site "Valjevo"]
[Date "2007.06.14"]
[Round "2"]
[White "Roiz, Michael"]
[Black "Iordachescu, Viorel"]
[Result "1-0"]
[WhiteElo "2605"]
[BlackElo "2587"]
[Annotator "Roiz,M"]
[PlyCount "83"]
[EventDate "2007.06.13"]
[EventType "tourn"]
[EventRounds "9"]
[EventCountry "YUG"]
[EventCategory "15"]
[SourceTitle "CBM 119"]
[Source "ChessBase"]
[SourceDate "2007.08.01"]
[SourceVersion "1"]
[SourceVersionDate "2007.08.01"]
[SourceQuality "1"]

1. Nf3 Nf6 2. c4 e6 3. Nc3 Bb4 4. Qc2 O-O 5. a3 Bxc3 6. Qxc3 d6 (6... b6 {
is the main continuation here.}) 7. e3 (7. d4 b6 {would transpose to E32.})
7... e5 {This thematic advanceme looks quite logical here.} ({Also deserving
attention was} 7... a5 $5 8. b4 (8. b3 e5 9. d4 Re8 10. dxe5 dxe5 11. Nxe5 Ne4
12. Qb2) 8... axb4 9. axb4 Rxa1 10. Qxa1 e5 {with a slight edge for White.}) 8.
d4 $5 $146 {Surprizingly enough, this logical move is new in this position!} (
8. b4) (8. d3) (8. Be2) 8... Re8 {Viorel finds an interesting tactical
resource which allows him to keep up the pressure.} ({After} 8... e4 9. Nd2 d5
10. b3 $14 {White has a wonderful version of a French, since Black is missing
his important dark-squared bishop.}) ({Another possibility was:} 8... exd4 $5
9. Qxd4 (9. Nxd4 c5 10. Nf3 Nc6 11. Bd3 Bg4) 9... Nc6 (9... c5 10. Qh4) 10. Qh4
Na5 (10... Re8 11. Bd3 Ne5 12. Nxe5 dxe5 13. Bc2 $14) 11. Nd2 $14) 9. dxe5 dxe5
10. b4 (10. Nxe5 $6 Ne4 11. Qd3 Qh4 12. g3 Qf6 $1 (12... Nxg3 13. fxg3 Qf6 14.
Nxf7 Qxf7 15. Bg2 Nc6 16. Rf1 Ne5 17. Qd5 $14) 13. Qxe4 Rxe5 $44 {with an
obvious compensation for the pawn.}) 10... Bg4 11. Bb2 (11. Be2 e4 12. Nd4 Bxe2
13. Nxe2 Nbd7 14. Bb2 Ne5 15. O-O Qd7 16. Rfd1 Qg4 $11) ({I didn't want to
allow the exchange of the knights:} 11. Nd2 Ne4 12. Qc2 Nxd2 13. Bxd2 $14)
11... Nc6 {This move is a bit risky, since the knight is not secured there and
can always be attacked by b4-b5.} ({White would maintain some advantage after:
} 11... Nbd7 $142 12. Nd2 c5 13. Bd3 $14) 12. Nd2 (12. b5 $5 Bxf3 13. gxf3 Nb8
14. Rd1 Qe7 15. Qb4 $14) 12... Qe7 ({The following tactical idea doesn't
promise Black anything:} 12... a5 13. b5 Nd4 14. f3 Bd7 15. O-O-O Nf5 16. g4
Nd6 17. g5 Nh5 18. Rg1 $16) 13. f3 Bh5 14. Be2 $1 {At this moment I realised
that Black's position was still solid,so I shouldn't take any drastic
decisions.} (14. Bd3 Bg6) (14. h4 Bg6 15. g4 h5 16. g5 Nd7 $132 {[%cal Gd7b6]})
14... a5 (14... Bg6 15. O-O Nd4 16. Bd1 Nf5 17. e4 Nd4 18. Nb3 Rad8 19. Nxd4
exd4 20. Qd2 $14) 15. b5 Nb8 ({Viorel's first intention was:} 15... Nd4 {
But White may meet that by the cool} 16. Bd1 $1 (16. exd4 $6 exd4 17. Qd3 Rad8
$44 (17... Bg6 18. Ne4)) (16. Bd3 Bg6) 16... Nd7 (16... Nf5 17. O-O Qc5 18. Re1
Bg6 19. a4 $14) 17. O-O Ne6 18. g4 $1 {Iordachescu} Bg6 19. f4 exf4 (19... f5
20. Bc2 (20. Bf3 $5)) 20. exf4 f5 21. Bc2 $36 {and Black's position is
critical.}) 16. a4 ({Still, it's not a good time for:} 16. h4 $6 Bg6 17. g4 h5
18. g5 Nfd7 19. f4 $6 Nc5 $1 20. Qxe5 Qf8 $36) 16... Nbd7 17. g4 $6 {Finally I
start to make some agressive moves, but it is still too early!} ({The solid} 
17. e4 $142 {was more to the point:} Nc5 18. Qe3 Nfd7 19. Ba3 b6 20. Nb3 $16)
17... Bg6 18. Nb3 $6 {This inaccuracy allowed Black to change the character of
the position.} (18. e4 Nc5 19. Qe3 Nfd7 20. Ba3 Qh4+ $132) (18. h4 $142 h5 19.
g5 Nh7 20. Nb3 $14) 18... b6 $2 {My opponent made this move very quickly - he
wanted to protect the Pa5. However, this loss of time allows White to fix his
great positional advantage.} ({We both missed:} 18... Nxg4 $1 19. fxg4 ({
Probably I should go for} 19. h4 Ngf6 20. Nxa5 $13 {but here Black is at least
not worse!}) 19... Qh4+ 20. Kd2 (20. Kf1 Be4 21. Rg1 Qh3+) 20... Rad8 21. Kc1
Qf2 22. Re1 Nf6 23. Nc5 h6 $1 $36 {and here Black has more than sufficient
compensation for the piece, as almost all White's pieces cannot move.}) 19. e4
h5 20. Ba3 Qe6 ({Hardly better was} 20... Qd8 21. g5 Nh7 22. h4 $16) 21. c5 $1
{Just in time! The black queen is almost trapped, so Black has no time for
grabbing the pawn. At the same time, after this advance White's position
becames strategically winning.} Nh7 22. h4 {I was happy to find this
restricting move. Obviously Black cannot play 22...hxg4 in view of 23.h5.} Ndf8
23. g5 {I tried to restrict Black's forces as much as possible.} ({There was
another tempting continuation:} 23. Bc4 Qf6 24. Qe3 Ne6 25. g5 Qd8 26. Ra2 $16
{[%cal Ga2d2]}) 23... Rad8 24. Bc4 Qc8 25. Bd5 (25. Bc1 Ne6 26. Be3 Nf4 27.
Bxf4 exf4 {[%cal Cc3c1,Cc1f4,Gg6e4]}) 25... Ne6 {Looking for some activity.}
26. cxb6 ({Much simpler would be:} 26. Bc6 $1 Nf4 (26... Rf8 27. cxb6 cxb6 28.
Bxf8 Nhxf8 29. Qe3 Qc7 30. O-O Nf4 31. Rfd1 $18) 27. Bxe8 Rd3 (27... Rxe8 28.
Bc1 $18) 28. Qxe5 Re3+ 29. Kd2 Rxb3 30. Qxf4 Qxe8 31. Ke2 $18) 26... Rxd5 $2 {
This is desperation - White's pieces are located quite well to parry Black's
threats.} ({More resistant would be:} 26... cxb6 $142 27. Rc1 (27. Qxc8 Rxc8
28. Bxe6 $1 (28. Rc1 $2 Nf4 29. Rc6 $2 Nxd5 30. exd5 Bc2 $132) 28... Rxe6 29.
Ke2 $16) 27... Qb8 28. Bxe6 Rxe6 29. Qc7 Qa8 30. O-O $16) 27. exd5 Nf4 (27...
Nd4 28. Nxa5 $18) 28. Qc6 $1 {A safe move in time trouble. It was important to
keep the Re8 under control.} (28. Qxc7 Qf5 29. Qc6 f6 $132) (28. bxc7 e4 $132)
28... f6 ({After} 28... cxb6 {White has a strong consoldating resource:} 29.
Nd2 $1 (29. Qxc8 Rxc8 30. Rc1 Nd3+ 31. Kd2 Nxc1 32. Rxc1 Rd8 33. Rc6 Rxd5+ 34.
Kc1 $16) 29... Qd8 30. Bd6 Nd3+ 31. Kf1 $18) 29. d6 $18 {[%cal Gd6d7] Of
course, Black cannot trade queens. On the other hand, now White's passed pawn
are just too strong. The rest was like an agony.} Nf8 30. dxc7 Nd3+ 31. Kd2 Qf5
32. Qc4+ Kh7 (32... Bf7 33. Qxd3 $18) 33. b7 Qxf3 34. c8=Q {A funny position -
White has 2 queens on the board!} Qf2+ 35. Kc3 Nb2 {The last trap.} (35... Nb4
36. Nxa5 $18) 36. Rac1 ({Good enough was also} 36. Nxa5 Qc2+ 37. Kb4 Qxa4+ 38.
Kc5 Nxc4 39. Nxc4 $18) ({Black's only hope was} 36. Rhc1 $4 Nd1+ 37. Rxd1 Qc2#)
36... Ne6 (36... Nxc4 37. Qxc4 $18) 37. Qxe8 Nxc4 38. Qxg6+ Kxg6 39. b8=Q Ne3
40. Qe8+ Kf5 41. Qd7 Qf3 42. Kb2 1-0